000 00635cab a2200229 4500
001 WB3446-20
008 090401t1998 xxu||||| |||| 00| 0 eng d
035 _a(Sirsi) u90056
041 _aeng
245 _aPenthouse demand
260 _c1998
350 _a0
490 _aSunday Business
_v29 November 1998, 26(1)
520 _aThe penthouse market in London is booming, with prices as high as £8.5m.
650 _aHIGH-RISE FLATS
650 _aLONDON
650 _aLUXURY APARTMENTS
650 _aPENTHOUSES
690 _aPROPERTY-RESIDENTIAL PROPERTY-RESIDENTIAL PROPERTY MARKET
942 _n0
948 _c01/12/1998
999 _c57034
_d57034